<?xml version="1.0" encoding="UTF-8"?>
<record
    xmlns:xsi="http://www.w3.org/2001/XMLSchema-instance"
    xsi:schemaLocation="http://www.loc.gov/MARC21/slim http://www.loc.gov/standards/marcxml/schema/MARC21slim.xsd"
    xmlns="http://www.loc.gov/MARC21/slim">

  <leader>01732nas a2200337 i 4500</leader>
  <controlfield tag="003">DO-SdBNP</controlfield>
  <controlfield tag="005">20260212145524.0</controlfield>
  <controlfield tag="007">ta</controlfield>
  <controlfield tag="008">260212e2019    dr |||p|r||||||0| | spa d</controlfield>
  <datafield tag="022" ind1=" " ind2=" ">
    <subfield code="a">2676-0541</subfield>
  </datafield>
  <datafield tag="040" ind1=" " ind2=" ">
    <subfield code="a">DO-SdBNP</subfield>
    <subfield code="b">spa</subfield>
    <subfield code="c">BNPHU</subfield>
    <subfield code="e">rda</subfield>
  </datafield>
  <datafield tag="041" ind1=" " ind2=" ">
    <subfield code="a">spa</subfield>
  </datafield>
  <datafield tag="110" ind1="1" ind2=" ">
    <subfield code="a">Universidad Aut&#xF3;noma de Santo Domingo</subfield>
    <subfield code="9">72951</subfield>
    <subfield code="b">Escuela de Cr&#xED;tica e Historia del Arte</subfield>
    <subfield code="b">Facultad de Artes</subfield>
  </datafield>
  <datafield tag="245" ind1=" " ind2=" ">
    <subfield code="a">Revista artelia : </subfield>
    <subfield code="b">dentro del arte / </subfield>
    <subfield code="c">Universidad Aut&#xF3;noma de Santo Domingo ; auspiciado: Banco Popular Dominicano. editor: Fernando Cabrera, director: Danilo De los Santos.</subfield>
  </datafield>
  <datafield tag="246" ind1=" " ind2=" ">
    <subfield code="a">Artelia.</subfield>
  </datafield>
  <datafield tag="264" ind1=" " ind2=" ">
    <subfield code="a">Santo Domingo, Rep&#xFA;blica Dominicana : </subfield>
    <subfield code="b">Universidad Aut&#xF3;noma de Santo Domingo. </subfield>
    <subfield code="b">Banco Popular Dominicano.</subfield>
    <subfield code="b">Amigo del Hogar, </subfield>
    <subfield code="c">2019.</subfield>
  </datafield>
  <datafield tag="300" ind1=" " ind2=" ">
    <subfield code="a">volumen : </subfield>
    <subfield code="b">ilustraciones, fotograf&#xED;as, pintura ; </subfield>
    <subfield code="c">29 x 22 cm.</subfield>
  </datafield>
  <datafield tag="310" ind1=" " ind2=" ">
    <subfield code="a">Desconocida.</subfield>
  </datafield>
  <datafield tag="336" ind1=" " ind2=" ">
    <subfield code="a">texto</subfield>
    <subfield code="b">txt</subfield>
    <subfield code="2">rdacontent</subfield>
  </datafield>
  <datafield tag="337" ind1=" " ind2=" ">
    <subfield code="a">sin mediaci&#xF3;n </subfield>
    <subfield code="b">n</subfield>
    <subfield code="2">rdamedia</subfield>
  </datafield>
  <datafield tag="338" ind1=" " ind2=" ">
    <subfield code="a">volumen</subfield>
    <subfield code="b">nc</subfield>
    <subfield code="2">rdacarrier</subfield>
  </datafield>
  <datafield tag="362" ind1=" " ind2=" ">
    <subfield code="a">A&#xF1;o 1. No. 1, 2019.</subfield>
  </datafield>
  <datafield tag="500" ind1=" " ind2=" ">
    <subfield code="a">Catalogaci&#xF3;n basada en el n&#xFA;mero: A&#xF1;o 1. No. 1, 2019.</subfield>
  </datafield>
  <datafield tag="520" ind1=" " ind2=" ">
    <subfield code="a">Nos lavamos la cara, el cerebro a instancia de este proyecto; pero jam&#xE1;s la memoria, porque s imposible enjabonar la caverna residual que reposa en el cuerpo como pertenencia, y que Jung alguna vez llam&#xF3; inconsciente colectivo.</subfield>
  </datafield>
  <datafield tag="650" ind1=" " ind2="0">
    <subfield code="a">Artes</subfield>
    <subfield code="v">Publicaciones peri&#xF3;dicas </subfield>
    <subfield code="z">Rep&#xFA;blica Dominicana</subfield>
    <subfield code="9">650</subfield>
  </datafield>
  <datafield tag="650" ind1=" " ind2="0">
    <subfield code="a">Exposiciones</subfield>
    <subfield code="v">Publicaciones peri&#xF3;dicas </subfield>
    <subfield code="z">Rep&#xFA;blica Dominicana</subfield>
    <subfield code="9">84599</subfield>
  </datafield>
  <datafield tag="700" ind1="1" ind2=" ">
    <subfield code="a">Santos, Danilo de los,</subfield>
    <subfield code="d">1943-2018</subfield>
    <subfield code="9">10278</subfield>
    <subfield code="e">director</subfield>
  </datafield>
  <datafield tag="700" ind1=" " ind2=" ">
    <subfield code="a">Cabrera, Fernando,</subfield>
    <subfield code="d">1964-</subfield>
    <subfield code="9">24611</subfield>
    <subfield code="e">editor</subfield>
  </datafield>
  <datafield tag="710" ind1=" " ind2=" ">
    <subfield code="a">Banco Popular de la Rep&#xFA;blica Dominicana</subfield>
    <subfield code="9">7760</subfield>
    <subfield code="e">auspicio</subfield>
  </datafield>
  <datafield tag="942" ind1=" " ind2=" ">
    <subfield code="2">ddc</subfield>
    <subfield code="c">ISSUE</subfield>
  </datafield>
  <datafield tag="952" ind1=" " ind2=" ">
    <subfield code="0">0</subfield>
    <subfield code="1">0</subfield>
    <subfield code="2">ddc</subfield>
    <subfield code="4">0</subfield>
    <subfield code="5">6</subfield>
    <subfield code="7">0</subfield>
    <subfield code="8">SE</subfield>
    <subfield code="a">BNPHU</subfield>
    <subfield code="b">BNPHU</subfield>
    <subfield code="d">2026-02-12</subfield>
    <subfield code="h">A&#xF1;o 1. No. 1, 2019</subfield>
    <subfield code="l">0</subfield>
    <subfield code="p">2026-1077</subfield>
    <subfield code="r">2026-02-12</subfield>
    <subfield code="t">e.1</subfield>
    <subfield code="w">2026-02-12</subfield>
    <subfield code="y">ISSUE</subfield>
    <subfield code="z">Artelia.</subfield>
  </datafield>
  <datafield tag="952" ind1=" " ind2=" ">
    <subfield code="0">0</subfield>
    <subfield code="1">0</subfield>
    <subfield code="2">ddc</subfield>
    <subfield code="4">0</subfield>
    <subfield code="5">6</subfield>
    <subfield code="7">0</subfield>
    <subfield code="8">SE</subfield>
    <subfield code="a">BNPHU</subfield>
    <subfield code="b">BNPHU</subfield>
    <subfield code="d">2026-02-12</subfield>
    <subfield code="h">A&#xF1;o 1. No. 1, 2019</subfield>
    <subfield code="l">0</subfield>
    <subfield code="p">2026-1078</subfield>
    <subfield code="r">2026-02-12</subfield>
    <subfield code="t">e.2</subfield>
    <subfield code="w">2026-02-12</subfield>
    <subfield code="y">ISSUE</subfield>
    <subfield code="z">Artelia.</subfield>
  </datafield>
  <datafield tag="952" ind1=" " ind2=" ">
    <subfield code="0">0</subfield>
    <subfield code="1">0</subfield>
    <subfield code="2">ddc</subfield>
    <subfield code="4">0</subfield>
    <subfield code="5">6</subfield>
    <subfield code="7">0</subfield>
    <subfield code="8">SE</subfield>
    <subfield code="a">BNPHU</subfield>
    <subfield code="b">BNPHU</subfield>
    <subfield code="d">2026-02-12</subfield>
    <subfield code="h">A&#xF1;o 1. No. 1, 2019</subfield>
    <subfield code="l">0</subfield>
    <subfield code="p">2026-1079</subfield>
    <subfield code="r">2026-02-12</subfield>
    <subfield code="t">e.3</subfield>
    <subfield code="w">2026-02-12</subfield>
    <subfield code="y">ISSUE</subfield>
    <subfield code="z">Artelia.</subfield>
  </datafield>
  <datafield tag="999" ind1=" " ind2=" ">
    <subfield code="c">60309</subfield>
    <subfield code="d">60309</subfield>
  </datafield>
</record>
